Statistics for Disney PIXAR Characters by Letter - C

Click here to take the quiz!

General Stats

  • This quiz has been taken 52 times
    (44 since last reset)
  • The average score is 7 of 22

Answer Stats

Movie/ShortHintAnswer% Correct
Finding NemoThe laid-back father sea turtleCrush
58%
Partysaurus RexA rubber duck that is a bathtub toyChuck E. Duck
55%
Finding NemoNemo's momCoral
55%
Monsters IncGeorge's assistant with a sea-green skin, two octopus-like arms, four tentacles as feet, and snail-like eyesCharlie
42%
Finding DoryDory's fatherCharlie
42%
Monsters IncA gorgon-like monster with one eye, snake hair, and tentacle-like legs who is the receptionist for Monsters Inc, and Mike's girlfriendCelia Mae
39%
UpThe old man who decides to go on a trip without leaving his houseCarl Frederickson
36%
CarsThe green race car with a lot of decals and a black moustacheChick Hicks
36%
WALLEThe pilot of the ship with all of the fat people on itCaptain B. McCrea
33%
UpAn old explorer looking for Kevin the snipeCharles F. Muntz
33%
Finding NemoA mako shark and Bruce's sidekickChum
33%
Toy Story 3A toy rock monster and Lotso's gang memberChunk
33%
Toy Story 3The stuffed clown who tells the story of how Bonnie lost Lotso and who never smilesChuckles the Clown
30%
Partysaurus RexA bathtub toy that is a boatCaptain Suds
21%
Monsters UniversityThe leader of Python Nu Kappa sororityCarrie Williams
21%
Toy Story 3The toy phone who tells Woody the only way to get out of SunnysideChatter Telephone
21%
Monsters UniversityA Roar Omega Roar fraternity memberChet Alexander
21%
BraveThe witch's petCrow
21%
Monsters UniversityGreek Council presidentClaire Wheeler
18%
Cars 2The boat that brings Finn to the oil rigCrabby the Boat
18%
Partysaurus RexA bathtub toy that is an alligatorCuddles the Alligator
15%
RatatouilleGusteau's rotisseurCollette Tatou
9%

Score Distribution

Percentile by Number Answered

Percent of People with Each Score

Your Score History

You have not taken this quiz since the last reset